| 000 | 01278nam a2200349 c 4500 | ||
|---|---|---|---|
| 001 | 5133 | ||
| 003 | ES-MaCES | ||
| 005 | 20141221121748.0 | ||
| 008 | 970307s1996 sp ||| | spa d | ||
| 017 |
_aM. 44.796-1996 _bDL |
||
| 020 | _a8449102731 | ||
| 024 | 7 |
_a251-96-164-2 _2nipo |
|
| 035 | _aCES19980051736m | ||
| 040 |
_aES-MaCES _bspa _cES-MaCES |
||
| 245 | 0 | 0 |
_aRed Contable Agraria Nacional 1994 _b: metodología y resultados empresariales _c[publicación elaborada por la Subdirección General de Estadística, Servicio de Análisis Microeconómico] |
| 260 |
_a[Madrid] _bMinisterio de Agricultura, Pesca y Alimentación, Secretaría General Técnica _cD.L. 1996 |
||
| 300 |
_aXVIII, 159 p. _c30 cm _e1 disquete |
||
| 541 | _cGratuito | ||
| 650 | 4 |
_aempresa agrícola _927511 |
|
| 650 | 4 |
_aproducción agrícola _927531 |
|
| 650 | 4 |
_acontabilidad nacional _927088 |
|
| 650 | 4 |
_aComunidades Autónomas _930768 |
|
| 650 | 4 |
_aEspaña _926964 |
|
| 650 | 4 |
_a1994 _930780 |
|
| 650 | 4 |
_adatos estadísticos _930765 |
|
| 650 | 4 |
_ainforme _928986 |
|
| 653 | 1 | 0 | _aEstadísticas sectoriales |
| 710 | 1 |
_aEspaña _bMinisterio de Agricultura, Pesca y Alimentación _93225 |
|
| 902 | _aLIB Libro | ||
| 942 |
_2CES _cBK _h8.3. |
||
| 999 |
_c5133 _d5133 |
||